000 01230nam a2200265 i 4500
001 000003584
003 DO-SdBNP
005 20250520113530.0
007 ta
008 090711s2003 dr ac r 000 0 spa d
040 _aDO-SdBNP
_bspa
_cBNPHU
_erda
082 _a615.7045
_bF475m
_222
245 1 0 _aManual de interacciones medicamentosas /
_cFredy A. Figueroa Güílamo
264 _aSanto Domingo :
_bCentenario,
_c2003
300 _a103 pagina :
_bilustraciones ;
_c24 cm.
336 _2rdacontent
_atexto
_btxt
337 _2rdamedia
_asin mediación
_bn
338 _2rdacarrier
_avolumen
_bnc
505 _aDrogas que actúan sobre el aparato digestivo 9 -- Drogas para el tratamiento del dolor 13 -- Drogas que actúan sobre mecanismos de coagulación 21 -- Drogas antiarrítmicas 29 -- Drogas para el manejo de lípidos 49 -- Medicamentos antibióticos y antivirales 51 -- Antivirales 69 -- Drogas para el tratamiento de los estados de ánimo 75 -- Fármacos para el tratamiento del asma bronquial 83 -- Drogas anticonvulsivantes 89 -- Drogas hipouricemiantes 101
590 _aInventariado, 2023 / DG
650 0 _aPsicología
_9152
650 4 _aToxicología medicamentosa
_983591
910 _aDG
942 _2ddc
_cLBS1
999 _c53943
_d53943